000 00398nam a2200157Ia 4500
008 230711s9999||||xx |||||||||||||| ||und||
041 _aENG
082 _a620.11
_bPU-M
100 _aPunmia ,B.c
245 0 _aMechanics of materials
250 _a1st . Ed.
260 _c2002
_aNew Delhi
_bLaxmi Publications(P) Ltd
650 _aMechanical Engineering
700 _aJain,Ashok Kumar
942 _cBK
999 _c4262
_d4262